000 00568nam a2200169Ia 4500
008 090201s9999 xx 000 0 und d
010 _aKPL-36728
040 _bमराठी
041 _aमराठी
082 _a28324
_b36728
100 _aकुमुदिनी रांगणेकर
245 _aतुटलेले धागे
_cकुमुदिनी रांगणेकर
260 _c2004
_bमनोरमा प्रकाशन
300 _a204
_bमोठा
600 _aतुटलेले धागे
942 _cBOOK
999 _c227053
_d227053